| 000 | 01477cam a22003015a 4500 | ||
|---|---|---|---|
| 001 | 17731209 | ||
| 005 | 20150519122034.0 | ||
| 008 | 130509s2013 enka frb 001 0 eng d | ||
| 020 | _a9781848852822 | ||
| 020 | _a9781848852815 | ||
| 040 |
_aUKMGB _beng _cUKMGB _dBTCTA _dOCLCO _dCDX _dYDXCP _dQGK _dNDD _dNLE _dBWX _dLOA _dNHM _dOUN _dDLC _dEG-ScBUE |
||
| 043 | _aaw----- | ||
| 082 | 0 | 4 |
_a320.0140956 _bKHA _222 |
| 100 | 1 |
_aKhatib, Lina _q(Lina H.) _938035 |
|
| 245 | 1 | 0 |
_aImage politics in the Middle East : _bthe role of the visual in political struggle / _cLina Khatib. |
| 260 |
_aLondon ; _aNew York : _bI.B. Tauris & Co Ltd, _c2013. |
||
| 300 |
_axii, 248 p. : _bill. ; _c24 cm. |
||
| 500 | _aIndex : p. 243-248. | ||
| 504 | _aBibliography : p. 230-242. | ||
| 520 | _a"Politics in the Middle East is now seen and the image is playing a central part in processes of political struggle. This is the first book in the literature to engage directly with these changing ways of communicating politics in the region {u2013} and particularly with the politics of the image, its power as a political tool." | ||
| 650 | 7 |
_aCommunication in politics _zMiddle East. _2BUEsh _938036 |
|
| 650 | 7 |
_aVisual communication _zMiddle East. _2BUEsh _938037 |
|
| 650 | 7 |
_aMass media _xPolitical aspects _zMiddle East. _2BUEsh _938038 |
|
| 651 | 7 |
_aMiddle East _xPolitics and government _y1979- _2BUEsh _95089 |
|
| 653 |
_bBUSBOL _cMay2015 |
||
| 655 |
_vreading book _934232 |
||
| 942 |
_2ddc _k320.0140956 KHA |
||
| 999 |
_c19372 _d19344 |
||